LDR 00604naa#a2200157#i#450# 001 EN\\bibl\124807 005 20260604150158.4 100 ## _a20260531b2026####ek#y0engy0150####ca 102 ## _aRU 200 1# _aSMART SYSTEMS FOR INVESTIGATING HIGH-TECH CRIMES IN THE CREATIVE INDUSTRY _eJournal article 210 1# _aMoscow _cNational Research University of Electronic Technology _d2026 215 ## _a0 с. 608 ## _aJournal article _2local 675 ## _aКриминалистика. Криминалистическая техника и тактика. 343.98 _z 700 #1 _aNesterov _gAnatoliy Vasil'evich 856 4# _ahtlaw.ru _u